Formális logika, dialektikus logika
Elmentve itt :
| Szerző: | |
|---|---|
| Adatforrás: | Philobibl |
| Dokumentumtípus: | Könyv |
| Nyelv: | magyar |
| Megjelent: |
Bp.
1949
|
| LEADER | 00291nam a2200109 c 4500 | ||
|---|---|---|---|
| 001 | bibDOK00021099 | ||
| 005 | 20200924121525.3 | ||
| 008 | 060518s1949 hu hun | ||
| 100 | 1 | |a Lefébvre, Henri | |
| 245 | 1 | 0 | |a Formális logika, dialektikus logika |c Lefébvre, Henri |
| 260 | |a Bp. |c 1949 | ||
| 300 | |a 264 p. p. | ||